| 000 | 005610000a22001810004500 | ||
|---|---|---|---|
| 003 | MACL | ||
| 005 | 20160525123604.0 | ||
| 008 | 160525b xxu||||| |||| 00| 0 eng d | ||
| 040 |
_aMACL _cMACL |
||
| 041 | _aHindi | ||
| 082 | _a891.433 | ||
| 100 |
_aअनत, अभिमन्यु _942485 |
||
| 245 |
_aऔर पसीना बहता रहा _cअभिमन्यु अनत |
||
| 260 |
_bराजकमल प्रकाशन _c1993 _aपटना |
||
| 350 | _a125 | ||
| 650 |
_aNovel _959361 |
||
| 942 |
_cHIN _k891.433/ANA/N _2ddc |
||
| 999 |
_c21590 _d21590 |
||